书目信息 |
| 题名: |
中国古今书画拍卖精品集成
|
|
| 作者: | ||
| 分册: | 清代宫廷画 | |
| 出版信息: | 天津 天津人民美术出版社 2006 |
|
| 页数: | 157页 | |
| 开本: | 21cm | |
| 丛书名: | ||
| 单 册: | ||
| 中图分类: | F724.787-64 , J222.49 | |
| 科图分类: | ||
| 主题词: | 法书--拍卖--价格--中国--图录 , 中国画--人物画--拍卖--价格--中国--图录 , 中国画--人物画--中国--清代--画册 , 中国画 , 拍卖 , 价格 , 法书 , 人物画 , 中国画--拍卖--价格--中国--图录 | |
| 电子资源: | ||
| ISBN: | 7-5305-3101-8 | |
| 000 | 00953nam0 2200313 450 | |
| 001 | 003075185 | |
| 005 | 20070801165428.20 | |
| 010 | @a7-5305-3101-8@dCNY47.00 | |
| 100 | @a20060213d2006 em y0chiy0110 ea | |
| 101 | 0 | @achi |
| 102 | @aCN@b120000 | |
| 105 | @aa z 001yy | |
| 200 | 1 | @a中国古今书画拍卖精品集成@9zhong guo gu jin shu hua pai mai jing pin ji cheng@i清代宫廷画@i人物 |
| 210 | @a天津@c天津人民美术出版社@d2006 | |
| 215 | @a157页@d21cm | |
| 330 | @a本书收录了查士标、吴历、杨晋、郎士宁、董邦达等人的宫廷画人物作品。 | |
| 606 | 0 | @a法书@x拍卖@x价格@y中国@j图录 |
| 606 | 0 | @a中国画@x人物画@x拍卖@x价格@y中国@j图录 |
| 606 | 0 | @a中国画@x人物画@y中国@z清代@j画册 |
| 606 | 0 | @a中国画 |
| 606 | 0 | @a拍卖 |
| 606 | 0 | @a价格 |
| 606 | 0 | @a法书 |
| 606 | 0 | @a人物画 |
| 606 | 0 | @a中国画@x拍卖@x价格@y中国@j图录 |
| 690 | @aF724.787-64@v4 | |
| 690 | @aJ222.49@v4 | |
| 801 | 0 | @aCN@bNLC@c20070801 |
| 905 | @a10447@dF724.787-64@e44 | |
| 中国古今书画拍卖精品集成.清代宫廷画.人物.-天津:天津人民美术出版社,2006 |
| 157页;21cm |
| ISBN 7-5305-3101-8:CNY47.00 |
| 本书收录了查士标、吴历、杨晋、郎士宁、董邦达等人的宫廷画人物作品。 |
| ● |
| 相关链接 |
|
|
|
|
正题名:中国古今书画拍卖精品集成
索取号:F724.787-64/44
 
预约/预借
| 序号 | 登录号 | 条形码 | 馆藏地/架位号 | 状态 | 备注 |
| 1 | 0800668 | 208006682 | 第一样本阅览室/ [索取号:F724.787-64/44] | 在馆 | |
| 2 | 0800669 | 208006691 | 密集书库/ [索取号:F724.787-64/44] | 在馆 | |
| 3 | 0800670 | 208006708 | 第一借阅区/ [索取号:F724.787-64/44] | 在馆 | |
| 4 | 0800671 | 208006717 | 第一借阅区/ [索取号:F724.787-64/44] | 在馆 | |
| 5 | 0800672 | 208006726 | 第一借阅区/ [索取号:F724.787-64/44] | 在馆 | |
| 6 | 0800673 | 208006735 | 密集书库/ [索取号:F724.787-64/44] | 在馆 | |
| 7 | 0800674 | 208006744 | 密集书库/ [索取号:F724.787-64/44] | 在馆 | |
| 8 | 0800675 | 208006753 | 密集书库/ [索取号:F724.787-64/44] | 在馆 | |
| 9 | 0800676 | 208006762 | 密集书库/ [索取号:F724.787-64/44] | 在馆 | |
| 10 | 0800677 | 208006771 | 第一借阅区/ [索取号:F724.787-64/44] | 在馆 |